| 000 | 00741nam a22002537a 4500 | ||
|---|---|---|---|
| 003 | UA-OsUOA | ||
| 001 | 114101 | ||
| 007 | ta | ||
| 008 | 20151015b un ||||| |||| 00| 0 ukr d | ||
| 100 | _aРайхельд Ф. | ||
| 700 | _aМарки Р. | ||
| 090 |
_a339.138:658.8 _bР18 |
||
| 942 | _cBK | ||
| 040 |
_aUA-OsUOA _brus _cUA-OsUOA _dUA-OsUOA |
||
| 245 | _aИскренняя лояльность. Ключ к завоеванию клиентов на всю жизнь | ||
| 300 | _a352 с. | ||
| 955 | _a2 | ||
| 041 | _arus | ||
| 080 | _a339.138:658.8 | ||
| 020 | _a978-5-91657-377-0 | ||
| 260 |
_aМ. _bМанн _c2014 |
||
| 650 | 7 |
_a339.1 Загальні питання торгівлі. Ринок _2UDC |
|
| 999 |
_c400223 _d400223 |
||